000 00698nam a22002057a 4500
999 _c179546
_d179546
005 20210622113056.0
010 _aB-740256
020 _a9789380156750
_c110.00
035 _aB-740256
037 _bGift
082 _a180
100 _aMukherjee, Gurudas
245 _aWestern criticism:
_bAristotle to empson /
_cby Gurudas Mukherjee ; edited by Indibar Mukherjee
260 _aNew Delhi
_bAne Books
_c2010
270 _a4821, Parwana Bhawan, 1st Floor, 24 Ansari Road, Daryaganj
_bNew Delhi
_e110002
300 _aix, 158p.
_c21cm(pbk)
700 _aMukherjee, Indibar
942 _2ddc
_cEN
_h180
_mMUK